Cespedesia: colección revistas (1972-1998) disco 1 (Registro nro. 16544)

Detalles MARC
000 -CABECERA
Campo de control 008200000a22002050004500
090 ## - CLASIFICACIÓN LOCAL
Colección MM
Consecutivo 00168
041 0# - IDIOMA
Código de idioma para texto/pista de sonido o título separado
044 ## - PAÍS DE PUBLICACIÓN
País de publicación
110 1# - ASIENTO PRINCIPAL--NOMBRE CORPORATIVO
Nombre corporativo o de jurisdicción como elemento de entrada Instituto para la Investigación y la Preservación del Patrimonio Cultural y Natural del Valle del Cauca
-- INCIVA
245 10 - MENCION DE TITULO
Título Cespedesia: colección revistas (1972-1998) disco 1
260 ## - PUBLICACION, DISTRIBUCION, ETC. (PIE DE IMPRENTA)
Lugar de publicación, distribución, etc. Cali
Nombre del editor, distribuidor, etc. INCIVA
Fecha de publicación, distribución, etc. 2002
300 ## - DESCRIPCION FISICA
Otros detalles físicos CD-ROM
500 ## - NOTA GENERAL
Nota general Requerimientos del sistema: Procesador Pentium o superior, Windows 98/2000
500 ## - NOTA GENERAL
Nota general Contiene la colección completa de la revista desde el volumen 1 (1-2) de 1972 hasta el volumen 23 (71-72) de 1998
650 14 - ASIENTO SECUNDARIO DE MATERIA - TERMINO TEMATICO
Término temático o nombre geográfico como elemento de entrada Bibliografía
650 14 - ASIENTO SECUNDARIO DE MATERIA - TERMINO TEMATICO
Término temático o nombre geográfico como elemento de entrada Catálogos bibliográficos
650 14 - ASIENTO SECUNDARIO DE MATERIA - TERMINO TEMATICO
Término temático o nombre geográfico como elemento de entrada Revistas científicas colombianas
651 #4 - ASIENTO SECUNDARIO DE MATERIA - NOMBRE GEOGRAFICO
-- Colombia
942 ## - ELEMENTOS ADICIONALES (KOHA)
Tipo de ítem CD-ROM
Koha issues (borrowed), all copies 1
Existencias
Withdrawn status Lost status Damaged status No para préstamo Colección Ubicación Permanente Ubicación actual Fecha de adquisición Total Checkouts Número topográfico Inventario / Código de Barras Date last seen Ejemplar Price effective from Forma de adquisición Tipo de material Checked out Date checked out
        Audiovisual Villa de Leyva Bogotá 03/05/2004 1 MM 00168 018377 28/10/2016 2 25/03/2015   CD-ROM 28/10/2016 28/10/2016
        Audiovisual Villa de Leyva Villa de Leyva 03/05/2004   MM 00168 018376 25/03/2015 1 25/03/2015   CD-ROM    
        Audiovisual Villa de Leyva Villa de Leyva 16/03/2005   MM 00168 017547 25/03/2015 3 25/03/2015   CD-ROM